000 00666nam a2200253 a 4500
003 AR-BaBNM
005 20251128202936.0
008 082120s2002 ||||||||||||||000 | spa||
040 _cAR-BaBNM
100 1 _aMauger, Gastón
245 0 0 _aCours de langue et de civilisation française
_b3er y 4to degrés
_n2
260 _aParis
_bHachette
_c1968
300 _a279 p.
_bil., mapas
650 4 _aENSEÑANZA DE IDIOMAS
650 4 _aFRANCES
650 4 _aGRAMATICA
650 4 _aVOCABULARIO
650 4 _aCONVERSACION
650 4 _aACTIVIDADES DE APRENDIZAJE
653 _aEDUCACION SECUNDARIA
700 1 _aLamaison, J.
942 _cBK
998 _cCarmen
999 _c1230
_d1230